| 000 | 00498nam a22001817a 4500 | ||
|---|---|---|---|
| 005 | 20250403155906.0 | ||
| 008 | 250403b |||||||| |||| 00| 0 eng d | ||
| 020 | _a9781035338962 | ||
| 041 | _aeng | ||
| 082 | _a338.477 COM | ||
| 100 | _aComunian, Roberta | ||
| 245 | _aA Modern Guide to Creative Economies | ||
| 260 |
_aUK _bEdward Elgar _c2024 |
||
| 300 | _a294;. pages: 24 cm | ||
| 650 | _aCultural Industries; Economic | ||
| 700 | _aFaggian, Alessandra and Heinonen, Jarna | ||
| 942 | _cBK | ||
| 999 |
_c43537 _d43537 |
||